header

The rhetoric of black mayors (Record no. 124269)

MARC details
000 -LEADER
fixed length control field 01153nam a2200289 a 4500
100 1# - MAIN ENTRY--AUTHOR NAME
Personal name Atwater, Deborah F.
245 14 - TITLE STATEMENT
Title The rhetoric of black mayors
260 ## - PUBLICATION, DISTRIBUTION, ETC. (IMPRINT)
Place of publication Lanham, Md. :
Name of publisher University Press of America,
Year of publication 2010.
300 ## - PHYSICAL DESCRIPTION
Number of Pages xi, 70 p.
650 #0 - SUBJECT ADDED ENTRY--TOPICAL TERM
Topical Term Blacks
856 40 - ELECTRONIC LOCATION AND ACCESS
Uniform Resource Identifier http://site.ebrary.com/lib/rucke/Doc?id=10454786

No items available.

© 2026 Rongo University
Contact us: librarian | system librarian | Rongo university